<?xml version="1.0" encoding="UTF-8"?>
<record
    xmlns:xsi="http://www.w3.org/2001/XMLSchema-instance"
    xsi:schemaLocation="http://www.loc.gov/MARC21/slim http://www.loc.gov/standards/marcxml/schema/MARC21slim.xsd"
    xmlns="http://www.loc.gov/MARC21/slim">

  <leader>01562nam a22002537a 4500</leader>
  <controlfield tag="008">100627t        xxu||||| |||| 00| 0 eng d</controlfield>
  <datafield tag="082" ind1=" " ind2=" ">
    <subfield code="2">22</subfield>
    <subfield code="a">252.52</subfield>
    <subfield code="b">&#x641; &#x62F; &#x627;</subfield>
  </datafield>
  <datafield tag="100" ind1=" " ind2=" ">
    <subfield code="9">15249</subfield>
    <subfield code="a">&#x641;&#x62F;&#x627;&#x60C; &#x639;&#x628;&#x627;&#x633; &#x639;&#x628;&#x62F;&#x627;&#x644;&#x644;&#x647;</subfield>
    <subfield code="e">&#x625;&#x634;&#x631;&#x627;&#x641; &#x648;&#x62A;&#x646;&#x641;&#x64A;&#x630;</subfield>
  </datafield>
  <datafield tag="245" ind1=" " ind2=" ">
    <subfield code="a">&#x645;&#x646;&#x627;&#x633;&#x643; &#x627;&#x644;&#x62D;&#x62C; &#x648;&#x627;&#x644;&#x639;&#x645;&#x631;&#x629; &#x632;&#x632;&#x64A;&#x627;&#x631;&#x629; &#x627;&#x644;&#x645;&#x633;&#x62C;&#x62F; &#x627;&#x644;&#x646;&#x628;&#x648;&#x64A; &#x639;&#x644;&#x649; &#x627;&#x644;&#x645;&#x630;&#x627;&#x647;&#x628; &#x627;&#x644;&#x623;&#x631;&#x628;&#x639;&#x629; /</subfield>
    <subfield code="c">&#x625;&#x634;&#x631;&#x627;&#x641; &#x648;&#x62A;&#x646;&#x641;&#x64A;&#x630; &#x639;&#x628;&#x627;&#x633; &#x639;&#x628;&#x62F;&#x627;&#x644;&#x644;&#x647; &#x641;&#x62F;&#x627;</subfield>
  </datafield>
  <datafield tag="246" ind1=" " ind2=" ">
    <subfield code="a">The Rites of Hajj and Umra and the Visit of Prophet's Mosque according to the four Schools of Muslim Law</subfield>
  </datafield>
  <datafield tag="260" ind1=" " ind2=" ">
    <subfield code="a">&#x645;&#x643;&#x629; : </subfield>
    <subfield code="b">&#x645;&#x631;&#x643;&#x632; &#x627;&#x644;&#x62D;&#x631;&#x645;&#x64A;&#x646; &#x627;&#x644;&#x62A;&#x62C;&#x627;&#x631;&#x64A; &#x60C; [&#x62F;.&#x62A;]</subfield>
    <subfield code="c">[&#x62F;.&#x62A;]</subfield>
  </datafield>
  <datafield tag="300" ind1=" " ind2=" ">
    <subfield code="a">85 &#x635; :</subfield>
    <subfield code="b">&#x635;&#x648;&#x631; &#x61B;</subfield>
    <subfield code="c"> 20 &#x633;&#x645;</subfield>
  </datafield>
  <datafield tag="500" ind1=" " ind2=" ">
    <subfield code="a">&#x627;&#x644;&#x646;&#x635; &#x628;&#x627;&#x644;&#x639;&#x631;&#x628;&#x64A;&#x629; &#x648;&#x627;&#x644;&#x627;&#x646;&#x62C;&#x644;&#x64A;&#x632;&#x64A;&#x629;</subfield>
  </datafield>
  <datafield tag="505" ind1=" " ind2=" ">
    <subfield code="a">&#x627;&#x644;&#x623;&#x62F;&#x639;&#x64A;&#x629;: &#x627;&#x644;&#x637;&#x648;&#x627;&#x641; -- &#x627;&#x644;&#x633;&#x639;&#x64A; -- &#x639;&#x631;&#x641;&#x627;&#x62A; -- &#x645;&#x632;&#x62F;&#x644;&#x641;&#x629; -- &#x645;&#x646;&#x649; -- &#x637;&#x648;&#x627;&#x641; &#x627;&#x644;&#x648;&#x62F;&#x627;&#x639; -- &#x632;&#x64A;&#x627;&#x631;&#x629; &#x627;&#x644;&#x645;&#x62F;&#x64A;&#x646;&#x629; &#x627;&#x644;&#x645;&#x646;&#x648;&#x631;&#x629;</subfield>
  </datafield>
  <datafield tag="541" ind1=" " ind2=" ">
    <subfield code="a">&#x639;&#x644;&#x627;&#x621; &#x639;&#x628;&#x62F; &#x627;&#x644;&#x63A;&#x646;&#x64A;&#x61B; </subfield>
  </datafield>
  <datafield tag="650" ind1=" " ind2=" ">
    <subfield code="9">15017</subfield>
    <subfield code="a">&#x627;&#x644;&#x62D;&#x62C;</subfield>
    <subfield code="x">&#x645;&#x646;&#x627;&#x633;&#x643;</subfield>
  </datafield>
  <datafield tag="650" ind1=" " ind2=" ">
    <subfield code="9">15027</subfield>
    <subfield code="a">&#x627;&#x644;&#x62D;&#x62C;</subfield>
    <subfield code="x">&#x627;&#x644;&#x62E;&#x631;&#x648;&#x62C; &#x625;&#x644;&#x649; &#x645;&#x646;&#x649; &#x648;&#x627;&#x644;&#x648;&#x642;&#x648;&#x641; &#x628;&#x639;&#x631;&#x641;&#x629;</subfield>
  </datafield>
  <datafield tag="650" ind1=" " ind2=" ">
    <subfield code="9">15028</subfield>
    <subfield code="a">&#x627;&#x644;&#x62D;&#x62C;</subfield>
    <subfield code="x">&#x62F;&#x62E;&#x648;&#x644; &#x645;&#x643;&#x629;</subfield>
  </datafield>
  <datafield tag="650" ind1=" " ind2=" ">
    <subfield code="9">15029</subfield>
    <subfield code="a">&#x627;&#x644;&#x62D;&#x62C;</subfield>
    <subfield code="x">&#x627;&#x644;&#x62F;&#x641;&#x639; &#x645;&#x646; &#x639;&#x631;&#x641;&#x629; &#x625;&#x644;&#x649; &#x627;&#x644;&#x645;&#x632;&#x62F;&#x644;&#x641;&#x629;</subfield>
  </datafield>
  <datafield tag="650" ind1=" " ind2=" ">
    <subfield code="9">15032</subfield>
    <subfield code="a">&#x627;&#x644;&#x637;&#x648;&#x627;&#x641; &#x628;&#x627;&#x644;&#x643;&#x639;&#x628;&#x629;</subfield>
  </datafield>
  <datafield tag="650" ind1=" " ind2=" ">
    <subfield code="9">15030</subfield>
    <subfield code="a">&#x627;&#x644;&#x633;&#x639;&#x64A; &#x628;&#x64A;&#x646; &#x627;&#x644;&#x635;&#x641;&#x627; &#x648;&#x627;&#x644;&#x645;&#x631;&#x648;&#x629;</subfield>
  </datafield>
  <datafield tag="942" ind1=" " ind2=" ">
    <subfield code="2">ddc</subfield>
    <subfield code="c">BB</subfield>
  </datafield>
  <datafield tag="999" ind1=" " ind2=" ">
    <subfield code="c">14225</subfield>
    <subfield code="d">14225</subfield>
  </datafield>
  <datafield tag="952" ind1=" " ind2=" ">
    <subfield code="0">0</subfield>
    <subfield code="1">0</subfield>
    <subfield code="2">ddc</subfield>
    <subfield code="4">0</subfield>
    <subfield code="7">0</subfield>
    <subfield code="8"> </subfield>
    <subfield code="a">MAIN</subfield>
    <subfield code="b">MAIN</subfield>
    <subfield code="c">LOW</subfield>
    <subfield code="d">2010-06-27</subfield>
    <subfield code="e">Donation</subfield>
    <subfield code="l">2</subfield>
    <subfield code="m">5</subfield>
    <subfield code="o">252.52 &#x641;&#x62F;&#x627;</subfield>
    <subfield code="p">000021215</subfield>
    <subfield code="r">2025-07-15 00:00:00</subfield>
    <subfield code="s">2024-01-03</subfield>
    <subfield code="y">BB</subfield>
  </datafield>
</record>
